El piloto mayor de la Casa de la Contratación de Sevilla : pilotos mayores, catedráticos de cosmografía y cosmógrafos /

La Casa de Contratación tuvo atribuciones políticas especialmente en el orden fiscal, jugó un papel importante en el ramo de la administración comercial y judicial y, además, se constituyó en un impulsor poderoso para el estudio de la geografía americana y de la ciencia náutica de la época. En 1508...

Ausführliche Beschreibung

Gespeichert in:
Bibliographische Detailangaben
1. Verfasser: Pulido Rubio, José (autor)
Format: Buch
Sprache:Spanisch
Schriftenreihe:(Publicaciones de la Escuela de Estudios Hispano-Americanos de Sevilla ; 56)
Schlagworte:
Tags: Tag hinzufügen
Keine Tags, Fügen Sie das erste Tag hinzu!

MARC

LEADER 00000nam^a2200000^a^4500
001 000126630
005 20250521000000.0
009 20260310094733.446
037 |a Acervo ITESO - Biblioteca 
041 |a ESP 
082 |a 946. 03  |b PUL 
100 |a Pulido Rubio, José  |e (autor) 
245 1 3 |a El piloto mayor de la Casa de la Contratación de Sevilla :  |b pilotos mayores, catedráticos de cosmografía y cosmógrafos /  |c J. Pulido Rubio. 
264 |a Sevilla, España :  |b Escuela de Estudios Hispanoamericanos de Sevilla,  |c 1950 
300 |a 983 p. 
336 |a texto  |b txt  |2 rdacontenido 
337 |a sin mediación  |b n  |2 rdamedio 
338 |a volumen  |b nc  |2 rdasoporte 
440 1 |a (Publicaciones de la Escuela de Estudios Hispano-Americanos de Sevilla ;  |v 56) 
520 |a La Casa de Contratación tuvo atribuciones políticas especialmente en el orden fiscal, jugó un papel importante en el ramo de la administración comercial y judicial y, además, se constituyó en un impulsor poderoso para el estudio de la geografía americana y de la ciencia náutica de la época. En 1508 se creó el cargo de piloto mayor, cuya misión consistía en preparar a los tripulantes para la dirección de navegaciones a Indias y examinar a todos aquellos que pretendiesen pilotar una nave rumbo a América. 
649 |a XX 
650 |a Geografía -  |z España -  |x Estudio y Enseñanza 
650 |a Navegación -  |z España -  |x Historia 
650 |a España -  |x Historia -  |y Siglo XVI 
650 |a España -  |x Historia -  |y Casa de Austria, 1516-1700 
650 |a España -  |x Historia -  |y Fernando e Isabel, 1479-1516 
650 |a América -  |x Historia -  |y Descubrimiento y Exploración 
650 |a América -  |x Historia -  |y Epoca Colonial 
650 |a Geógrafos Españoles 
650 |a Marinos Españoles 
910 |a Fondo Salvador Reynoso Reynoso 
920 |a Impresos - Libros 
930 |a Fondos Especiales 
905 |a 112 
901 |a 0800009218  |b IT2  |c ESP  |u 20250521 
902 |a https://opac.biblio.iteso.mx/vufind/Record/000126630